Statistics for Guess the Lyrics - 60's

Click here to take the quiz!

General Stats

  • This quiz has been taken 67 times
  • The average score is 70 of 147

Answer Stats

Answer% Correct
I
97%
a
95%
the
89%
an
85%
you
85%
and
82%
to
77%
in
76%
hear
74%
on
71%
is
66%
your
66%
see
65%
go
63%
for
56%
of
53%
are
52%
it's
52%
like
50%
don't
47%
Don't
47%
know
47%
way
47%
One
42%
we're
42%
moon
40%
bad
37%
take
37%
end
34%
got
34%
life
32%
a-rising
29%
rise
29%
There's
29%
Well
29%
Creedence Clearwater Revival
27%
Bad Moon Rising
26%
eye
26%
times
26%
die
24%
tonight
24%
bound
23%
together
23%
trouble
23%
coming
21%
soon
21%
things
21%
Looks
19%
voice
19%
weather
19%
a-blowing
18%
around
18%
Hope
18%
today
16%
hurricanes
15%
lightnin'
15%
nasty
15%
prepared
15%
quite
15%
round
15%
ruin
13%
taken
13%
overflowing
11%
rivers
11%
earthquakes
10%
rage
8%
fear
6%

Score Distribution

Percentile by Number Answered

Percent of People with Each Score

Your Score History

You have not taken this quiz